Ancient India and South Indian history & culture, Vol.-1, Ancient India : (Record no. 22289)
[ view plain ]
| 000 -LEADER | |
|---|---|
| fixed length control field | 00817cam a2200241u 4500 |
| 001 - CONTROL NUMBER | |
| control field | 8813199 |
| 003 - CONTROL NUMBER IDENTIFIER | |
| control field | BDDh-ASL |
| 005 - DATE AND TIME OF LATEST TRANSACTION | |
| control field | 20231015030119.0 |
| 008 - FIXED-LENGTH DATA ELEMENTS--GENERAL INFORMATION | |
| fixed length control field | 810226m19419999ii 000 0 eng |
| 010 ## - LIBRARY OF CONGRESS CONTROL NUMBER | |
| LC control number | 46036616 |
| 040 ## - CATALOGING SOURCE | |
| Original cataloging agency | DLC |
| Transcribing agency | CarP |
| Modifying agency | DLC |
| -- | BDDh-ASL |
| 043 ## - GEOGRAPHIC AREA CODE | |
| Geographic area code | a-ii--- |
| 050 00 - LIBRARY OF CONGRESS CALL NUMBER | |
| Classification number | DS436.A1 |
| Item number | K7 |
| 082 ## - DEWEY DECIMAL CLASSIFICATION NUMBER | |
| Classification number | 954 |
| Item number | AIA |
| 100 1# - MAIN ENTRY--PERSONAL NAME | |
| Personal name | Krishnaswami Aiyangar, Sakkottai, |
| Dates associated with a name | 1871-1947. |
| 245 10 - TITLE STATEMENT | |
| Title | Ancient India and South Indian history & culture, Vol.-1, Ancient India : |
| Remainder of title | Papers on Indian History and Culture, Ancient India to A.D. 1300 / |
| 260 ## - PUBLICATION, DISTRIBUTION, ETC. | |
| Place of publication, distribution, etc. | Poona: |
| Name of publisher, distributor, etc. | Oriental book agency, |
| Date of publication, distribution, etc. | 1941- |
| 300 ## - PHYSICAL DESCRIPTION | |
| Extent | v-1, 846 p. : |
| Dimensions | 19 cm. |
| 651 #0 - SUBJECT ADDED ENTRY--GEOGRAPHIC NAME | |
| Geographic name | India |
| General subdivision | History |
| Chronological subdivision | 324 B.C.-1000 A.D. |
| 651 #0 - SUBJECT ADDED ENTRY--GEOGRAPHIC NAME | |
| Geographic name | India |
| General subdivision | History |
| Chronological subdivision | 1000-1526. |
| 906 ## - LOCAL DATA ELEMENT F, LDF (RLIN) | |
| a | 0 |
| b | cbc |
| c | premunv |
| d | u |
| e | ncip |
| f | 19 |
| g | y-gencatlg |
| 942 ## - ADDED ENTRY ELEMENTS (KOHA) | |
| Source of classification or shelving scheme | Dewey Decimal Classification |
| Koha item type | Books |
| Withdrawn status | Lost status | Source of classification or shelving scheme | Damaged status | Not for loan | Collection code | Home library | Current library | Shelving location | Date acquired | Source of acquisition | Serial Enumeration / chronology | Total Checkouts | Full call number | Barcode | Date last seen | Copy number | Price effective from | Koha item type | Public note |
|---|---|---|---|---|---|---|---|---|---|---|---|---|---|---|---|---|---|---|---|
| Dewey Decimal Classification | Not For Loan | Non-fiction | Asiatic Society Library | Asiatic Society Library | General Stacks | 02/24/2021 | ASB Library Collections | V-1 | 954 AIA | 106493 | 02/24/2021 | C-1 | 02/24/2021 | Books | RARE |